[Event "Bizovac Metalis op 15th"]
[Site "Bizovac"]
[Date "2008.02.21"]
[Round "2"]
[White "Marjanovic, Danijel"]
[Black "Jusic, Zdenko"]
[Result "0-1"]
[WhiteElo "2130"]
[BlackElo "2381"]
[PlyCount "40"]
[EventDate "2008.02.21"]
[EventType "swiss"]
[EventRounds "7"]
[EventCountry "CRO"]
[SourceTitle "CBM 122 Extra"]
[Source "ChessBase"]
[SourceDate "2008.03.04"]
[SourceVersion "1"]
[SourceVersionDate "2008.03.04"]
[SourceQuality "1"]

1. e4 d6 2. Nf3 Nf6 3. Nc3 e5 4. Bc4 Be7 5. d3 0-0 6. 0-0 Bg4 7. h3 Bh5 8. Ne2 d5 9. exd5 Bxf3 10. gxf3 Qd7 11. Kg2 Nxd5 12. Nc3 Nb6 13. Bb3 Bd6 14. f4 exf4 15. Qf3 Nc6 16. Bxf4 Nd4 17. Qe4 Bxf4 18. Qxf4 a5 19. Nd5 Ne6 20. Qf3 Nxd5 0-1

[Event "Osijek op 3rd"]
[Site "Osijek"]
[Date "2007.12.16"]
[Round "9.6"]
[White "Marjanovic, Danijel"]
[Black "Lukic, Milutin"]
[Result "1-0"]
[WhiteElo "2101"]
[BlackElo "2117"]
[PlyCount "30"]
[EventDate "2007.12.08"]
[EventType "swiss"]
[EventRounds "9"]
[EventCountry "CRO"]
[SourceTitle "CBM 121 Extra"]
[Source "ChessBase"]
[SourceDate "2008.01.10"]
[SourceVersion "1"]
[SourceVersionDate "2008.01.10"]
[SourceQuality "1"]

1. e4 c6 2. f4 d5 3. e5 Bf5 4. d3 e6 5. Nf3 h6 6. c3 Nd7 7. Be2 Be7 8. 0-0 Bc5+ 9. Kh1 Bg4 10. b4 Bb6 11. d4 Ne7 12. Nbd2 Nf5 13. Nb3 g5 14. fxg5 Bxf3 15. Rxf3 hxg5 1-0

[Event "Osijek op 3rd"]
[Site "Osijek"]
[Date "2007.12.11"]
[Round "5.3"]
[White "Marjanovic, Danijel"]
[Black "Radulovic, Bojan"]
[Result "1/2-1/2"]
[WhiteElo "2101"]
[BlackElo "2289"]
[PlyCount "120"]
[EventDate "2007.12.08"]
[EventType "swiss"]
[EventRounds "9"]
[EventCountry "CRO"]
[SourceTitle "CBM 121 Extra"]
[Source "ChessBase"]
[SourceDate "2008.01.10"]
[SourceVersion "1"]
[SourceVersionDate "2008.01.10"]
[SourceQuality "1"]

1. e4 c5 2. Nf3 Nc6 3. d4 cxd4 4. Nxd4 a6 5. Nxc6 bxc6 6. c4 d6 7. Nc3 e5 8. Be2 Nf6 9. 0-0 Be7 10. b3 0-0 11. Kh1 Ne8 12. f4 exf4 13. Bxf4 Qa5 14. Na4 Be6 15. Bd2 Qc7 16. Bf3 Bf6 17. Bc3 Be5 18. Qd3 Nf6 19. Bxe5 dxe5 20. Qe2 Qa5 21. Rfd1 Rfd8 22. h3 h6 23. Qc2 Rd4 24. Rxd4 exd4 25. c5 Qc7 26. Rd1 Qe5 27. Nb2 a5 28. Nd3 Qg5 29. Qf2 Nh5 30. Qxd4 Ng3+ 31. Kh2 Nh5 32. Qe5 Nf6 33. Qxg5 hxg5 34. Ne5 a4 35. Nxc6 Kf8 36. Nd4 axb3 37. axb3 Rb8 38. Rd3 Ke8 39. c6 Ke7 40. Rc3 Ne8 41. Nxe6 fxe6 42. Rd3 Kf6 43. Rd7 Rxb3 44. Rd8 Ke7 45. Rd7+ Kf6 46. Bh5 g6 47. e5+ Kxe5 48. Bxg6 Nf6 49. Rd3 Rb8 50. Re3+ Kd6 51. Rg3 Rb5 52. Rf3 Nd5 53. Be8 Rc5 54. Rf7 Ne7 55. Rg7 Re5 56. Bd7 Nd5 57. Be8 Rf5 58. g4 Re5 59. Kg3 Re3+ 60. Kf2 Re5 1/2-1/2

[Event "Osijek op"]
[Site "Osijek"]
[Date "2007.02.15"]
[Round "8"]
[White "Aleksic, Robert"]
[Black "Marjanovic, Danijel"]
[Result "1/2-1/2"]
[WhiteElo "2169"]
[BlackElo "2075"]
[PlyCount "56"]
[EventDate "2007.02.08"]
[EventType "swiss"]
[EventRounds "9"]
[EventCountry "CRO"]
[SourceTitle "CBM 116 Extra"]
[Source "ChessBase"]
[SourceDate "2007.03.07"]
[SourceVersion "1"]
[SourceVersionDate "2007.03.07"]
[SourceQuality "1"]

1. e4 d6 2. d4 e5 3. Nf3 Nc6 4. Bc4 Be7 5. h3 h6 6. Nc3 Nf6 7. Be3 a6 8. Qe2 exd4 9. Nxd4 Ne5 10. Bb3 c5 11. Nf3 b5 12. Bd5 Rb8 13. 0-0 0-0 14. Rad1 Qc7 15. a3 Re8 16. Ba2 Bb7 17. Nxe5 dxe5 18. Nd5 Bxd5 19. Bxd5 Nxd5 20. Rxd5 Red8 21. Rfd1 Rxd5 22. Rxd5 Rd8 23. Qd2 Rxd5 24. Qxd5 Qd6 25. Qa8+ Kh7 26. Kh2 Bg5 27. Bxg5 hxg5 28. Qc8 g6 1/2-1/2

[Event "CRO-chT3 East-B"]
[Site "Croatia"]
[Date "2005.04.03"]
[Round "3.2"]
[White "Marjanovic, Danijel"]
[Black "Vecera, Stjepan"]
[Result "0-1"]
[WhiteElo "2135"]
[BlackElo "2122"]
[PlyCount "76"]
[EventDate "2005.03.13"]
[EventType "team-tourn"]
[EventRounds "11"]
[EventCountry "CRO"]
[SourceTitle "EXT 2007"]
[Source "ChessBase"]
[SourceDate "2006.11.23"]
[SourceVersion "1"]
[SourceVersionDate "2006.11.23"]
[SourceQuality "1"]
[WhiteTeam "Osijek IPK"]
[BlackTeam "Ilok"]
[WhiteTeamCountry "CRO"]
[BlackTeamCountry "CRO"]

1. d4 d5 2. c4 e6 3. e3 Nf6 4. Nc3 c6 5. a3 a6 6. Bd3 Nbd7 7. f4 dxc4 8. Bxc4 b5 9. Bd3 c5 10. Nf3 Bb7 11. 0-0 Be7 12. Kh1 Qb6 13. dxc5 Bxc5 14. Qe2 Ng4 15. Re1 h5 16. Be4 Bxe4 17. Nxe4 h4 18. b4 Be7 19. Bb2 h3 20. g3 Qb7 21. Nf2 Nxf2+ 22. Qxf2 Bf6 23. e4 Bxb2 24. Qxb2 Nf6 25. Ng5 Rh5 26. Qe2 Rc8 27. Rac1 Rxc1 28. Rxc1 Rxg5 29. fxg5 Nxe4 30. Kg1 Nxg5 31. Rf1 f6 32. Rd1 Ke7 33. Qf2 Qe4 34. Kf1 Kf7 35. Rd4 Qb1+ 36. Ke2 Qc2+ 37. Ke3 Qc3+ 38. Rd3 Qe5+ 0-1